[Event "SG Duisburg Nord - SV GA Ruedersdorf"]
[Site "Dittrichshuette"]
[Date "2004.12.29"]
[Round "5.1"]
[White "Fruebing, Stefan"]
[Black "Tereick, Benjamin"]
[Result "1/2-1/2"]
[WhiteElo "2127"]
[BlackElo "2084"]
[PlyCount "137"]
[EventDate "2004.??.??"]

1. Nf3 c5 2. e4 e6 3. Nc3 Nc6 4. d4 cxd4 5. Nxd4 Nf6 6. Be3 Bb4 7. Nxc6 bxc6 8.
Bd3 d5 9. exd5 cxd5 10. O-O O-O 11. Bd4 Bd6 12. f4 Qe7 13. Kh1 Bc5 14. Ne2 Rb8
15. Be5 Bd6 16. Nd4 Bb7 17. Re1 Bxe5 18. fxe5 Ne4 19. Qe2 Qc7 20. Nf3 Qb6 21.
Bxe4 dxe4 22. Ng5 Qxb2 23. Nxe4 Qxe5 24. Rad1 Qxe4 25. Qxe4 Bxe4 26. Rxe4 Rfd8
27. Rxd8+ Rxd8 28. h3 Kf8 29. Rc4 Ke7 30. Kh2 Rd7 31. Kg3 e5 32. Kf3 Ke6 33. g4
f6 34. a4 Kd5 35. Rc8 Kd4 36. a5 g6 37. Rf8 Rd6 38. Rf7 Ra6 39. Rd7+ Kc5 40.
Rxh7 g5 41. Ke4 Rxa5 42. Kf5 Ra6 43. h4 gxh4 44. Rxh4 Rd6 45. Rh6 a5 46. Rxf6
Rxf6+ 47. Kxf6 e4 48. g5 e3 49. g6 e2 50. g7 e1=Q 51. g8=Q Qf2+ 52. Ke7 Qe3+
53. Kd8 Qd4+ 54. Kc8 Qc4 55. Qg6 a4 56. Kb7 Qd5+ 57. Kc7 Qe5+ 58. Kd7 a3 59.
Qc6+ Kb4 60. c3+ Qxc3 61. Qb6+ Kc4 62. Qa6+ Kb3 63. Qe6+ Kc2 64. Qa2+ Kc1 65.
Ke8 Qc8+ 66. Ke7 Qc5+ 67. Kf7 $11 Qb4 68. Qa1+ Kc2 69. Qa2+ 1/2-1/2

[Event "SG Duisburg Nord - SV GA Ruedersdorf"]
[Site "Dittrichshuette"]
[Date "2004.12.29"]
[Round "5.2"]
[White "Liedmann, Dennis"]
[Black "Becker, Nils"]
[Result "1/2-1/2"]
[WhiteElo "1845"]
[BlackElo "2030"]
[PlyCount "94"]
[EventDate "2004.??.??"]

1. d4 Nf6 2. Nf3 g6 3. Bf4 Bg7 4. e3 O-O 5. Be2 d6 6. h3 c5 7. Nbd2 cxd4 8.
exd4 Nc6 9. c3 Bf5 10. O-O a6 11. Nc4 Nd5 12. Bh2 Bh6 13. Bd3 Bxd3 14. Qxd3 b5
15. Ne3 Nxe3 16. fxe3 e5 17. Rfe1 Re8 18. e4 $11 exd4 19. cxd4 Rc8 20. a3 Na5
21. d5 Bg7 22. Rab1 Nc4 23. b4 Nb2 24. Qe2 Nc4 25. Qd3 Qc7 26. Bg3 Red8 27. Re2
Nb2 28. Qe3 Na4 29. Be1 Re8 30. Nd4 Nc3 31. Bxc3 Qxc3 32. Rd1 Qxe3+ 33. Rxe3
Rc4 34. Nc6 Rcxe4 35. Rxe4 Rxe4 36. Nb8 Re3 37. Nxa6 Rxa3 38. Nc7 Rb3 39. Nxb5
Be5 40. Nd4 Rxb4 41. Nc6 Re4 42. Kf2 f5 43. Rb1 Bd4+ 44. Kf3 Bc5 45. Rb7 Kh8
46. Nd8 Kg8 47. Ne6 Re5 1/2-1/2

[Event "SG Duisburg Nord - SV GA Ruedersdorf"]
[Site "Dittrichshuette"]
[Date "2004.12.29"]
[Round "5.3"]
[White "Beisser, Jacob"]
[Black "Schinske, Eric"]
[Result "1-0"]
[WhiteElo "1865"]
[BlackElo "1694"]
[PlyCount "81"]
[EventDate "2004.??.??"]

1. Nf3 d6 2. d4 Nf6 3. g3 g6 4. Bg2 Bg7 5. O-O O-O 6. Nbd2 Nbd7 7. e4 e5 8. c3
Ne8 9. dxe5 dxe5 10. Qc2 Nd6 11. Re1 c5 12. Nf1 c4 13. Be3 Qc7 14. b4 b6 15.
Rad1 Bb7 16. N3d2 Rad8 17. f4 f5 18. fxe5 Nxe5 19. Bd4 Nd3 20. Re2 fxe4 21.
Bxg7 Kxg7 22. Nxe4 Nxe4 23. Bxe4 Bxe4 24. Rxe4 Rf2 25. Re2 Rdf8 26. Rxf2 Rxf2
27. Rd2 Rf3 28. Re2 Qf7 29. Ne3 h5 30. Qd2 b5 31. Qc2 Qf6 32. Kg2 Qc6 33. Kg1
g5 34. Qd2 Qf6 35. Kg2 g4 36. Nd5 Qc6 37. Qg5+ Qg6 38. Re7+ Rf7 39. Rxf7+ Kxf7
40. Qe7+ Kg8 41. Nf6+ 1-0

[Event "SG Duisburg Nord - SV GA Ruedersdorf"]
[Site "Dittrichshuette"]
[Date "2004.12.29"]
[Round "5.4"]
[White "Palenta, Adam"]
[Black "Wapenhans, Alexander"]
[Result "1/2-1/2"]
[WhiteElo "1608"]
[BlackElo "1734"]
[PlyCount "104"]
[EventDate "2004.??.??"]

1. d4 Nf6 2. Nf3 g6 3. Bf4 Bg7 4. e3 O-O 5. h3 d6 6. Bd3 Nbd7 7. O-O Re8 8. Bh2
e5 9. Be2 c6 10. dxe5 dxe5 11. Nxe5 Nd5 12. Nd3 Qb6 13. Nd2 N7f6 14. Nc4 Qd8
15. Nd6 Re6 16. Nxc8 Qxc8 17. Nc5 Re8 18. c3 b6 19. Nb3 Bh6 20. Re1 Rd8 21. Qc2
Rd7 22. Bf3 Qb7 23. Rad1 Rad8 24. Nd4 Qc8 25. e4 Nb4 26. cxb4 Rxd4 27. Rxd4
Rxd4 28. e5 Nd5 29. b5 c5 30. Rd1 Nb4 31. Qb3 Qd7 32. a3 Rxd1+ 33. Bxd1 c4 34.
Bg4 Qxg4 35. hxg4 cxb3 36. axb4 Bc1 37. Kf1 Bxb2 38. Ke2 Bc3 39. Kd1 Bxb4 40.
Kc1 Bc3 41. f4 Kf8 42. f5 Ke7 43. Bf4 Kd7 44. Kb1 Ke7 45. Bg3 h5 46. gxh5 gxh5
47. Bf4 Kd7 48. Bg3 Ke8 49. Bf4 Kf8 50. Bh6+ Kg8 51. Bf4 Kg7 52. Kc1 Kf8
1/2-1/2

[Event "SC Baden-Oos - SF Berghofen-Wambel"]
[Site "Dittrichshuette"]
[Date "2004.12.29"]
[Round "5.1"]
[White "Babczyk, Adrian"]
[Black "Beck, Frederik"]
[Result "1/2-1/2"]
[WhiteElo "1940"]
[BlackElo "2116"]
[PlyCount "77"]
[EventDate "2004.??.??"]

1. Nf3 Nf6 2. d4 c5 3. c4 cxd4 4. Nxd4 b6 5. Nc3 Bb7 6. Bg5 d6 7. Qd2 Nbd7 8.
e3 a6 9. f3 e6 10. Be2 Be7 11. O-O O-O 12. Rac1 Rc8 13. Rfd1 Re8 14. a3 Qc7 15.
b4 Qb8 16. Nb3 h6 17. Bf4 Ne5 18. Qd4 Nc6 19. Qd2 Ne5 20. Na4 Bc6 21. Nb2 Red8
22. Qe1 Ba8 23. Bxe5 dxe5 24. Rxd8+ Bxd8 25. Kh1 g6 26. c5 b5 27. Rd1 Bc7 28.
e4 Bc6 29. Nd3 Nd7 30. Qh4 Kg7 31. Qe1 f5 32. Nf2 Nf6 33. Bd3 Rd8 34. Bc2 Rxd1
35. Qxd1 Qa8 36. Nd2 a5 37. Qb1 Qd8 38. Qe1 Qd4 39. Nb1 1/2-1/2

[Event "SC Baden-Oos - SF Berghofen-Wambel"]
[Site "Dittrichshuette"]
[Date "2004.12.29"]
[Round "5.4"]
[White "Goergen, Barbara"]
[Black "Behling, Paul"]
[Result "1-0"]
[WhiteElo "1740"]
[BlackElo "1340"]
[PlyCount "61"]
[EventDate "2004.??.??"]

1. e4 c5 2. c3 d5 3. exd5 Qxd5 4. d4 cxd4 5. cxd4 a6 6. Nc3 Qd8 7. Nf3 g6 8.
Be2 Bg7 9. Be3 Nf6 10. h3 O-O 11. O-O b5 12. a3 Bb7 13. Qd2 Ne4 14. Nxe4 Bxe4
15. a4 bxa4 16. Rxa4 a5 17. Ne5 Nc6 18. Rfa1 Nxe5 $11 19. dxe5 Bc6 20. Rxa5
Qxd2 21. Bxd2 Rxa5 22. Rxa5 Rb8 23. Bc3 h5 24. Rc5 Be4 25. Rc7 e6 26. b4 Bf8
27. b5 Bd5 28. Bd4 Bb4 29. Ba7 Rd8 30. b6 Ba5 31. Rc5 1-0

[Event "SF Brackel - SC Leipzig-Gohlis"]
[Site "Dittrichshuette"]
[Date "2004.12.29"]
[Round "5.1"]
[White "Natsidis, Christoph"]
[Black "Luft, Dennis"]
[Result "0-1"]
[WhiteElo "1995"]
[BlackElo "1826"]
[PlyCount "74"]
[EventDate "2004.??.??"]

1. d4 d5 2. c4 c6 3. Nc3 e5 4. e3 exd4 5. exd4 Nf6 6. Nf3 Be6 7. Bg5 dxc4 8. a4
Nbd7 9. Rc1 Bb4 10. Be2 O-O 11. O-O Be7 12. Qc2 Nd5 13. Bxe7 Qxe7 14. Rfe1 Nxc3
15. bxc3 Qd6 16. Nd2 b5 17. Ne4 Qf4 18. Ng3 Bd5 19. Nh5 Qg5 20. g3 Rfe8 21. Nf4
Be4 22. Qb2 Nb6 23. axb5 cxb5 24. h4 Qf5 25. Bf1 Bc6 26. Bh3 Qf6 27. Bg4 Qd6
28. Red1 Nd5 29. Ne2 Nf6 30. Bh3 Nd5 31. Qc2 Re7 32. Bf5 g6 33. Bh3 Rae8 34.
Qd2 Rxe2 35. Qh6 Qa3 36. Bg4 Nxc3 37. Kf1 R2e4 {Notation nicht nachvollziehbar}
0-1

[Event "SF Brackel - SC Leipzig-Gohlis"]
[Site "Dittrichshuette"]
[Date "2004.12.29"]
[Round "5.2"]
[White "Heyden, Jonas"]
[Black "Dueck, Stefan"]
[Result "1/2-1/2"]
[WhiteElo "1849"]
[BlackElo "1885"]
[PlyCount "81"]
[EventDate "2004.??.??"]

1. d4 Nf6 2. Nf3 g6 3. c4 Bg7 4. Nc3 d6 5. e4 O-O 6. Be2 Bg4 7. Be3 Nfd7 8. Qd2
Nc6 9. h3 Bxf3 10. Bxf3 e5 11. d5 Ne7 12. Bh6 f5 13. Bxg7 Kxg7 14. O-O-O f4 15.
h4 Ng8 16. Rdg1 a6 17. g4 b5 18. Be2 Nc5 19. f3 bxc4 20. g5 Qb8 21. Bxc4 Ne7
22. h5 Rh8 23. Rh4 Qb4 24. Qe2 Rag8 25. Rgh1 a5 26. a3 Qb6 27. Qh2 Kf8 28. Qh3
Rg7 29. Qg4 Qb8 30. Nb5 Qc8 31. Qxc8+ Nxc8 32. hxg6 Rxg6 33. Nxc7 Nb6 34. Ba2
Rxg5 35. b4 axb4 36. axb4 Nd3+ 37. Kd2 Rg2+ 38. Kxd3 Rxa2 39. Ne6+ Ke8 40. Rxh7
Ra3+ 41. Ke2 1/2-1/2

[Event "SF Brackel - SC Leipzig-Gohlis"]
[Site "Dittrichshuette"]
[Date "2004.12.29"]
[Round "5.3"]
[White "Ohme, Melanie"]
[Black "Zeldin, Leonid"]
[Result "0-1"]
[WhiteElo "1956"]
[BlackElo "1817"]
[PlyCount "54"]
[EventDate "2004.??.??"]

1. e4 c5 2. Nf3 d6 3. d4 cxd4 4. Nxd4 Nf6 5. Nc3 g6 6. g3 Bg7 7. Bg2 O-O 8. O-O
Bg4 9. Nde2 Nc6 10. h3 Bd7 11. Be3 Rc8 12. Qd2 a6 13. Na4 Ne5 14. Nb6 Nc4 15.
Nxc4 Rxc4 16. Nc3 b5 17. a3 a5 18. Qd3 Qc7 19. Kh2 Rb8 20. Rfe1 b4 21. axb4
Rcxb4 22. Bc1 Bb5 23. Qe3 Bc4 24. b3 Be6 25. Bd2 Nd7 26. Ra2 Bd4 27. Nd5 Bxe3
0-1

[Event "SF Brackel - SC Leipzig-Gohlis"]
[Site "Dittrichshuette"]
[Date "2004.12.29"]
[Round "5.4"]
[White "Sennholz, Michael"]
[Black "Haense, Felix"]
[Result "1/2-1/2"]
[WhiteElo "1572"]
[BlackElo "1688"]
[PlyCount "97"]
[EventDate "2004.??.??"]

1. e4 {0} d6 2. d4 g6 3. Nf3 Bg7 4. Nc3 Nf6 5. Bg5 O-O 6. Qd2 Nbd7 7. O-O-O c5
8. h4 cxd4 9. Nxd4 h5 10. Be2 Ne5 11. Bxf6 Bxf6 12. Nd5 Bg7 13. Rdg1 Nc6 14.
Nb3 e6 15. Nf4 Qf6 16. Nd3 Ne5 17. Nxe5 Qxe5 18. c3 Qxe4 19. Bd3 Qa4 20. g4
Qxa2 21. Bc2 e5 22. gxh5 Be6 23. h6 Bxb3 24. Bxb3 Qxb3 25. hxg7 Kxg7 26. h5 Qa4
27. hxg6 Qa1+ 28. Kc2 Qa4+ 29. Kc1 Qa1+ 30. Kc2 Qa4+ 31. Kc1 Qf4 32. gxf7+ Kxf7
33. Qxf4+ exf4 34. Rh7+ Ke6 35. Rxb7 Rg8 36. Rxg8 Rxg8 37. Kd2 Ra8 38. Kd3 Ke5
39. Rb5+ d5 40. c4 Rd8 41. Rxd5+ Rxd5+ 42. cxd5 Kxd5 43. f3 a5 44. Kc3 Kc5 45.
b3 Kb5 46. Kc2 Kb4 47. Kb2 Kb5 48. Kc3 Kc5 49. Kd3 1/2-1/2

[Event "Hamburger SK - SC Tamm 74"]
[Site "Dittrichshuette"]
[Date "2004.12.29"]
[Round "5.1"]
[White "Lange, Jan-David"]
[Black "Bracker, Frank"]
[Result "1/2-1/2"]
[WhiteElo "1866"]
[BlackElo "1905"]
[PlyCount "87"]
[EventDate "2004.??.??"]

1. e4 c5 2. Nf3 d6 3. d4 cxd4 4. Nxd4 Nf6 5. Nc3 a6 6. Be3 e5 7. Nb3 Be6 8. Nd5
Nbd7 9. Nxf6+ Nxf6 10. f3 d5 11. Nd2 Be7 12. Be2 O-O 13. O-O Rc8 14. Bd3 Qc7
15. Qe2 Rfd8 16. Kh1 d4 17. Bf2 Nd7 18. Bg3 Bg5 19. Nb3 b5 20. Nxd4 Nc5 21.
Nxe6 Nxe6 22. Rf2 h5 23. h3 h4 24. Bh2 Nf4 25. Qf1 Qc5 26. Rd1 Qd4 27. b3 Qc5
28. Bxf4 Bxf4 29. Re2 Qd6 30. Ree1 Qg6 31. c4 b4 32. Bb1 Qg3 33. Qg1 Qg5 34.
Rd5 Rxd5 35. exd5 Qg3 36. Rd1 e4 37. Bxe4 Bd6 38. Bf5 Rc7 39. Re1 g6 40. Re8+
Kh7 41. Bc2 a5 42. Re4 f5 43. Re8 Qf4 44. Re2 1/2-1/2

[Event "Hamburger SK - SC Tamm 74"]
[Site "Dittrichshuette"]
[Date "2004.12.29"]
[Round "5.2"]
[White "Mueller, Philipp"]
[Black "Andraschko, Felix"]
[Result "1-0"]
[WhiteElo "1825"]
[BlackElo "1668"]
[PlyCount "55"]
[EventDate "2004.??.??"]

1. d4 f5 2. c4 g6 3. Nc3 Nf6 4. h4 d6 5. e4 fxe4 6. h5 Bf5 7. Be2 gxh5 8. Bxh5+
Nxh5 9. Qxh5+ Bg6 10. Qb5+ Nd7 11. Nh3 Qc8 12. Nf4 c6 13. Qg5 Bf7 14. Nxe4 Rg8
15. Qh4 Bxc4 16. b3 Bf7 17. O-O Qc7 18. Ba3 c5 19. dxc5 Nxc5 20. Bxc5 dxc5 21.
Rad1 Rd8 22. Rfe1 Rxd1 23. Nf6+ Kd8 24. Rxd1+ Kc8 25. Nxg8 Bxg8 26. Qg4+ e6 27.
Qxg8 Qxf4 28. Qxe6+ 1-0

[Event "Hamburger SK - SC Tamm 74"]
[Site "Dittrichshuette"]
[Date "2004.12.29"]
[Round "5.3"]
[White "Doering, Andreas"]
[Black "Bracker, Arne"]
[Result "1/2-1/2"]
[WhiteElo "1625"]
[BlackElo "1761"]
[PlyCount "82"]
[EventDate "2004.??.??"]

1. e4 e6 2. d4 d5 3. Nd2 Nf6 4. e5 Nfd7 5. Bd3 c5 6. c3 Nc6 7. Ne2 cxd4 8. cxd4
Be7 9. O-O Qb6 10. Nf3 f6 11. exf6 Nxf6 12. b3 O-O 13. Bb2 Bd7 14. Rc1 Nb4 15.
Bb1 Bb5 16. a3 Qa6 17. Re1 Nd3 18. Bxd3 Bxd3 19. Ng3 Ne4 20. Re3 Nxg3 21. hxg3
Be4 22. b4 Rac8 23. Rec3 b6 24. Ne5 Bd6 25. f4 Rxc3 26. Rxc3 Bxe5 27. dxe5 Rc8
28. Rxc8+ Qxc8 29. Qc1 Qxc1+ 30. Bxc1 Kf7 31. Be3 Ke7 32. a4 Kd7 33. a5 bxa5
34. bxa5 a6 35. Kf2 h5 36. Bb6 g6 37. Bd4 Kc6 38. Bb6 Kb5 39. Ke3 Bxg2 40. Kd4
Be4 41. Bd8 Bf5 1/2-1/2

[Event "Hamburger SK - SC Tamm 74"]
[Site "Dittrichshuette"]
[Date "2004.12.29"]
[Round "5.4"]
[White "Held, Florian"]
[Black "Jannes, Alexander"]
[Result "1-0"]
[WhiteElo "1734"]
[BlackElo "1513"]
[PlyCount "29"]
[EventDate "2004.??.??"]

1. e4 c6 2. d4 d5 3. Nd2 dxe4 4. Nxe4 Bf5 5. Ng3 Bg6 6. h4 h6 7. Nf3 Nf6 8. Ne5
Bh7 9. Bc4 e6 10. Qe2 Qc7 11. O-O Bd6 12. f4 O-O 13. f5 Nd5 14. f6 Nxf6 15.
Bxh6 {Notation nicht nachvollziehbar} 1-0

[Event "FSV Grossenseebach - Sfr. Neuberg"]
[Site "Dittrichshuette"]
[Date "2004.12.29"]
[Round "5.1"]
[White "Knickel, Aaron"]
[Black "Kirch, Daniel"]
[Result "1-0"]
[WhiteElo "1931"]
[BlackElo "1816"]
[PlyCount "75"]
[EventDate "2004.??.??"]

1. e4 Nf6 2. e5 Nd5 3. d4 d6 4. c4 Nb6 5. exd6 cxd6 6. Nc3 g6 7. Be3 Bg7 8. Qd2
Nc6 9. Nf3 Bg4 10. Ng1 O-O 11. h3 Bf5 12. Nf3 d5 13. cxd5 Nxd5 14. Be2 Ncb4 15.
Rc1 Nxe3 16. fxe3 Bh6 17. O-O Nd5 18. Nxd5 Qxd5 19. Bc4 Qe4 20. Rc3 Rac8 21.
Kf2 Rfd8 22. Qe2 Rd6 23. Bd3 Qe6 24. e4 Rxc3 25. bxc3 Bxh3 26. gxh3 Qxh3 27. e5
Rc6 28. c4 Bf4 29. Rg1 h5 30. Qe4 Bh6 31. c5 Qc8 32. d5 Rxc5 33. e6 Ra5 34.
exf7+ Kf8 35. Rxg6 Rxa2+ 36. Kg3 Qc7+ 37. d6 Qd7 38. Rg8+ 1-0

[Event "FSV Grossenseebach - Sfr. Neuberg"]
[Site "Dittrichshuette"]
[Date "2004.12.29"]
[Round "5.2"]
[White "Seyb, Alexander"]
[Black "Weber, Max"]
[Result "1/2-1/2"]
[WhiteElo "2018"]
[BlackElo "1877"]
[PlyCount "105"]
[EventDate "2004.??.??"]

1. e4 c5 2. Nf3 Nc6 3. d4 cxd4 4. Nxd4 g6 5. Nc3 Bg7 6. Be3 Nf6 7. Bc4 O-O 8.
Bb3 d6 9. f3 Bd7 10. Qd2 Nxd4 11. Bxd4 b5 12. O-O-O a5 13. Nd5 Nxd5 14. Bxd5
Rc8 15. Bxg7 Kxg7 16. Qd4+ e5 17. Qd2 h6 18. h4 Qc7 19. g3 f6 20. f4 b4 21.
Rdf1 Qb6 22. Kb1 a4 23. f5 g5 24. hxg5 hxg5 25. Rh2 Rh8 26. Rfh1 Qb8 27. Rxh8
Rxh8 28. Rxh8 Qxh8 29. a3 bxa3 30. bxa3 Qb8+ 31. Qb4 Qc7 32. Kb2 Kf8 33. Qd2
Qb6+ 34. Ka2 Be8 35. Bc4 Bf7 36. Bxf7 Kxf7 37. Qe2 Kg7 38. Qc4 Qa5 39. Qc6 Qd8
40. Qxa4 d5 41. exd5 Qxd5+ 42. Qb3 Qc6 43. a4 e4 44. a5 e3 45. Qxe3 Qxc2+ 46.
Ka3 Qxf5 47. Kb4 Qb1+ 48. Qb3 Qe4+ 49. Kc5 Qe5+ 50. Kb4 Qd6+ 51. Ka4 Qc6+ 52.
Kb4 Qd6+ 53. Ka4 1/2-1/2

[Event "FSV Grossenseebach - Sfr. Neuberg"]
[Site "Dittrichshuette"]
[Date "2004.12.29"]
[Round "5.3"]
[White "Seifert, Christopher"]
[Black "Borel, Markus"]
[Result "1/2-1/2"]
[WhiteElo "1849"]
[BlackElo "1862"]
[PlyCount "103"]
[EventDate "2004.??.??"]

1. e4 g6 2. d4 Bg7 3. f4 d5 4. e5 h5 5. Nc3 Nh6 6. Nf3 Bg4 7. Be3 e6 8. Be2 Nf5
9. Bf2 Nd7 10. Qd2 a6 11. Nd1 Qe7 12. Ne3 Nxe3 13. Bxe3 Nb6 14. Bf2 Bxf3 15.
Bxf3 Nc4 16. Qc3 Bh6 17. b3 Qa3 18. Qd3 Na5 19. Be3 Bf8 20. O-O c5 21. Rfd1 c4
22. Qe2 b5 23. Qe1 Nc6 24. Rdb1 Qe7 25. c3 Bh6 26. bxc4 bxc4 27. Rb6 Qc7 28.
Rab1 O-O 29. Rb7 Qa5 30. Qd2 Rab8 31. h3 Kh7 32. Kf2 Rxb7 33. Rxb7 Nd8 34. Rb4
Nc6 35. Rb7 Nd8 36. Rb2 Nc6 37. g3 Qc7 38. Bd1 Rb8 39. Ba4 Ne7 40. Qc1 Nc6 41.
Qb1 Rxb2+ 42. Qxb2 Bf8 43. g4 hxg4 44. hxg4 Kg8 45. Bc2 Qb6 $4 46. Bc1 $4 Qxb2
47. Bxb2 Na7 48. Ke2 Be7 49. Kd2 Nb5 50. a4 Na7 51. Bb1 Nc6 52. Bc2 1/2-1/2

[Event "FSV Grossenseebach - Sfr. Neuberg"]
[Site "Dittrichshuette"]
[Date "2004.12.29"]
[Round "5.4"]
[White "Hofmann, Benjamin"]
[Black "Hummel, Dennis"]
[Result "0-1"]
[WhiteElo "1768"]
[BlackElo "1372"]
[PlyCount "146"]
[EventDate "2004.??.??"]

1. e4 e6 2. d4 d5 3. Nc3 Bb4 4. Nge2 dxe4 5. a3 Be7 6. Nxe4 Nf6 7. Qd3 Nbd7 8.
N2c3 O-O 9. Bf4 Nxe4 10. Nxe4 b6 11. O-O-O Bb7 12. f3 Nf6 13. h4 a5 14. Nxf6+
Bxf6 15. Qe3 Re8 16. g4 Qd5 17. Be2 Rac8 18. g5 Be7 19. Kb1 c5 20. Be5 cxd4 21.
Bxd4 Bc5 22. Bxc5 Qxc5 23. Qd2 b5 24. h5 b4 25. g6 fxg6 26. hxg6 h6 27. a4 Bd5
28. Rc1 Red8 29. Qf4 Qc7 30. Qg4 Qe5 31. Bd3 Qf6 32. Be4 Bxe4 33. fxe4 Rf8 34.
Rh5 e5 35. Rf5 Qc6 36. Rxe5 Qxa4 37. Qe6+ Kh8 38. Rf5 Qe8 39. Qd5 Qxg6 40. Qxa5
Rxf5 41. exf5 Qg4 42. Qb5 h5 43. Qe5 Rf8 44. Rf1 Kh7 45. Qc5 Rf6 46. Rg1 Qxf5
47. Qxb4 g5 48. Qe7+ Kh6 49. Qe8 Rf8 50. Qc6+ Rf6 51. Qc4 Qe6 52. Qc3 h4 53. b4
Kh5 54. Qd3 Qf5 55. Qd8 Rf8 56. Qd7 Rf6 57. Qg7 h3 58. Qh8+ Rh6 59. Qe8+ Qg6
60. Qe2+ g4 61. Rd1 Qe6 62. Qb5+ Kh4 63. Qc5 Rf6 64. Qc7 Rh6 65. Qd8+ Qf6 66.
Qb8 g3 67. Rd3 Rg6 68. Qa7 h2 69. Rd4+ Kh3 70. Qh7+ Rh6 71. Qd7+ Qe6 72. Qb7
Qe1+ 73. Kb2 h1=Q 0-1

[Event "Johanneum Eppendorf - TSV Schott Mainz"]
[Site "Dittrichshuette"]
[Date "2004.12.29"]
[Round "5.1"]
[White "Armbrust, Florian"]
[Black "Huschenbeth, Niclas"]
[Result "1/2-1/2"]
[WhiteElo "2184"]
[BlackElo "1966"]
[PlyCount "86"]
[EventDate "2004.??.??"]

1. e4 c5 2. Nc3 Nc6 3. g3 g6 4. Bg2 Bg7 5. d3 e6 6. f4 Nge7 7. Nf3 d5 8. e5 O-O
9. O-O a6 10. Ne2 Nf5 11. g4 Nfd4 12. Be3 Qb6 13. Rb1 Nxe2+ 14. Qxe2 f5 15.
exf6 Bxf6 16. Bf2 Qb4 17. c3 Qxf4 18. Bxc5 Rf7 19. g5 Be7 20. Bxe7 Rxe7 21. d4
Qg4 22. Qe1 e5 23. h3 Qe6 24. dxe5 Nxe5 25. Nxe5 Qxe5 26. Qd2 Be6 27. Rbe1 Qd6
28. Rxe6 Rxe6 29. Bxd5 Kh8 30. Qd4+ Re5 31. c4 Rc8 32. Kh1 Qe7 33. Rf7 Qxg5 34.
h4 Qc1+ 35. Kg2 Qe3 36. Qxe3 Rxe3 37. Rxb7 Re2+ 38. Kf3 Rh2 39. Kg4 Re2 40. Kf3
Re1 41. Kf2 Rc1 42. Ke3 Rc2 43. Kf4 Rh2 1/2-1/2

[Event "Johanneum Eppendorf - TSV Schott Mainz"]
[Site "Dittrichshuette"]
[Date "2004.12.29"]
[Round "5.3"]
[White "Khalat, David"]
[Black "Schmidt, Armin"]
[Result "0-1"]
[WhiteElo "1637"]
[BlackElo "1791"]
[PlyCount "116"]
[EventDate "2004.??.??"]

1. e4 c6 2. d4 d5 3. exd5 cxd5 4. c4 Nf6 5. Nc3 e6 6. Bg5 Be7 7. c5 Ne4 8. Bxe7
Qxe7 9. Nf3 Nxc3 10. bxc3 O-O 11. Bd3 Nc6 12. O-O Qc7 13. Qc2 h6 14. Rfe1 b6
15. cxb6 Qxb6 16. Rab1 Qc7 17. c4 dxc4 18. Qxc4 Qd6 19. Be4 Bd7 20. d5 Na5 21.
Qd3 Rfd8 22. dxe6 Qxd3 23. exf7+ Kxf7 24. Bxd3 Kg8 25. Ne5 Be8 26. Be4 Rab8 27.
h3 Rbc8 28. Ng6 Rc7 29. Nf4 Bf7 30. a3 Nb3 31. Bf3 Nd2 32. Rbd1 Nxf3+ 33. gxf3
Rcd7 34. Rxd7 Rxd7 35. Re4 Rb7 36. Kg2 Kh7 37. Ne6 Rb3 38. a4 Rb6 39. Nc5 Rc6
40. Nd7 Bd5 41. Rf4 Ra6 42. Rd4 Ra5 43. Kg3 Bc6 44. Nf8+ Kg8 45. Ne6 Rxa4 46.
Rg4 Rxg4+ 47. fxg4 a5 48. Nd4 Bd5 49. Nb5 a4 50. Na3 Kf7 51. f4 Ke6 52. h4 Kd6
53. h5 Kc5 54. g5 Kb4 55. gxh6 gxh6 56. Nb1 Kb3 57. f5 Kb2 58. Nd2 a3 0-1

[Event "Johanneum Eppendorf - TSV Schott Mainz"]
[Site "Dittrichshuette"]
[Date "2004.12.29"]
[Round "5.4"]
[White "Wenzel, Birger"]
[Black "Katte, Nicolas"]
[Result "0-1"]
[WhiteElo "1660"]
[BlackElo "1663"]
[PlyCount "48"]
[EventDate "2004.??.??"]

1. Nf3 Nf6 2. g3 g6 3. Bg2 Bg7 4. O-O d5 5. d4 O-O 6. Be3 c6 7. Qc1 Be6 8. Bh6
Qc8 9. Bxg7 Kxg7 10. Nbd2 Bh3 11. c4 Bxg2 12. Kxg2 Qf5 13. cxd5 Qxd5 14. Qc2
Na6 15. e4 Qd7 16. Nc4 Rad8 17. Rfd1 Qg4 18. Re1 Nc7 19. Na5 Ne6 20. h3 Nf4+
21. Kg1 Nxh3+ 22. Kg2 Nf4+ 23. Kg1 Qxf3 24. gxf4 Rxd4 0-1

[Event "Blau-Weiss Stadtilm - SC Kreuzberg"]
[Site "Dittrichshuette"]
[Date "2004.12.29"]
[Round "5.1"]
[White "Figura, Atila Gajo"]
[Black "Siebarth, Raiko"]
[Result "1-0"]
[WhiteElo "2222"]
[BlackElo "2100"]
[PlyCount "74"]
[EventDate "2004.??.??"]

1. d4 c5 2. d5 Nf6 3. c4 e6 4. Nc3 exd5 5. cxd5 g6 6. e4 d6 7. f4 Bg7 8. Bb5+
Nfd7 9. Nf3 O-O 10. O-O Na6 11. Kh1 Nc7 12. a4 a6 13. Bd3 b6 14. Bd2 Rb8 15.
Be1 Nf6 16. Bh4 Qd7 17. f5 Ng4 18. Qd2 b5 19. h3 Ne5 20. f6 Nxf3 21. Rxf3 Bh8
22. Raf1 b4 23. Nd1 Re8 24. b3 c4 25. bxc4 b3 26. Nb2 Re5 27. Bg3 Qe8 28. Qc3
Rh5 29. Bxd6 Qd8 30. Bh2 Bb7 31. Qd2 h6 32. Qf4 Rc8 33. Be2 g5 34. Qf5 Qe8 35.
Rxb3 Bxd5 36. cxd5 Rh4 37. e5 Nxd5 1-0

[Event "Blau-Weiss Stadtilm - SC Kreuzberg"]
[Site "Dittrichshuette"]
[Date "2004.12.29"]
[Round "5.2"]
[White "Schneider, Christian"]
[Black "Baumgardt, Laurin"]
[Result "1-0"]
[WhiteElo "1833"]
[BlackElo "1774"]
[PlyCount "61"]
[EventDate "2004.??.??"]

1. Nc3 {0} d5 2. e4 e6 3. f4 Nf6 4. e5 Nfd7 5. Nf3 c5 6. Be2 Nc6 7. O-O a6 8.
a4 Qb6 9. Kh1 Be7 10. d3 f6 11. exf6 Nxf6 12. Qd2 O-O 13. Nd1 Qc7 14. Nf2 e5
15. fxe5 Nxe5 16. Nxe5 Qxe5 17. Qe3 Qc7 18. Bf3 Bd6 19. d4 cxd4 20. Qxd4 Be6
21. Bg5 Be5 22. Qd3 Rad8 23. Rae1 Qd6 24. Qe2 Nd7 25. Bxd8 Rxd8 26. Nd3 Re8 27.
Nxe5 Bf5 28. Qd2 Rxe5 29. Rxe5 Nxe5 30. Qxd5+ Qxd5 31. Bxd5+ 1-0

[Event "Blau-Weiss Stadtilm - SC Kreuzberg"]
[Site "Dittrichshuette"]
[Date "2004.12.29"]
[Round "5.3"]
[White "Krautschick, Clemens"]
[Black "Berner, Stephan"]
[Result "1-0"]
[WhiteElo "1521"]
[BlackElo "1669"]
[PlyCount "141"]
[EventDate "2004.??.??"]

1. e4 c6 2. d4 {0} d5 {0} 3. e5 Bf5 4. Ne2 e6 5. Nf4 Nd7 6. g4 Be4 7. f3 Qh4+
8. Ke2 Bg6 9. Ng2 Qd8 10. Kf2 c5 11. c3 Qb6 12. Kg3 f6 13. f4 Ne7 14. b3 Nc6
15. Be3 Rc8 16. Nd2 cxd4 17. cxd4 Ba3 18. Qe2 Nxd4 19. Bxd4 Qxd4 20. Rd1 Rc3+
21. Nf3 Qe4 22. exf6 gxf6 23. Ngh4 a6 24. Nxg6 hxg6 25. Rd3 Rc1 26. Re3 Qc2 27.
Rxe6+ Kf7 28. Qxc2 Rxc2 29. Re2 Rc3 30. Rd2 Nb6 31. Bg2 Bc1 32. Rdd1 Ba3 33.
Rd2 Bb4 34. Rhd1 Re8 35. Rd3 Rc2 36. a4 Ree2 37. Bf1 Re4 38. Rd4 Rc3 39. Bd3
Re7 40. Rxb4 Nc8 41. Bf1 a5 42. Rb5 b6 43. Rbxd5 Rxb3 44. Rd7 Ra3 45. Rxe7+
Kxe7 46. Bb5 Nd6 47. Re1+ Kf7 48. Bd7 Rd3 49. Be6+ Kf8 50. h4 Ra3 51. Bd7 Nc4
52. Kf2 Nb2 53. Re6 Nd3+ 54. Kg3 Nc5 55. Rxf6+ Ke7 56. Rxb6 Nxd7 57. Rxg6 Rxa4
58. h5 Kf7 59. Ng5+ Ke8 60. h6 Ra3+ 61. Kh4 Nf8 62. Rg8 Ke7 63. Nh7 Ne6 64. f5
Nf4 65. Rg7+ Kd6 66. Nf6 Ke5 67. Nd7+ Kd6 68. h7 Rh3+ 69. Kg5 Nd5 70. Rg6+ Kxd7
71. Rh6 1-0

[Event "Blau-Weiss Stadtilm - SC Kreuzberg"]
[Site "Dittrichshuette"]
[Date "2004.12.29"]
[Round "5.4"]
[White "Hoffmann, Lena"]
[Black "Huth, Ricardo"]
[Result "1/2-1/2"]
[WhiteElo "1664"]
[BlackElo "1399"]
[PlyCount "86"]
[EventDate "2004.??.??"]

1. Nc3 c5 2. Nf3 d5 3. d4 e6 4. e4 cxd4 5. Nxd4 Nf6 6. Bg5 Be7 7. Bb5+ Bd7 8.
Bxf6 Bxf6 9. exd5 Bxb5 10. Ndxb5 a6 11. Nd4 exd5 12. Qe2+ Kf8 13. O-O-O Nc6 14.
Nb3 Bxc3 15. bxc3 g6 16. Qf3 Qg5+ 17. Kb2 Rd8 18. Nc5 Kg7 19. Ka1 Ne5 20. Qe3
Qxe3 21. fxe3 Ng4 22. Rd2 Rc8 23. Rxd5 Nxe3 24. Re5 Nxc2+ 25. Kb2 Ne3 26. Rxe3
Rxc5 27. Re7 Rf5 28. Rxb7 Rf2+ 29. Ka3 Rxg2 30. Rb2 Rxb2 31. Kxb2 Re8 32. Rc1
f5 33. c4 Kf6 34. c5 Ke6 35. Re1+ Kd7 36. Rxe8 Kxe8 37. Kc3 Kd7 38. Kd4 Kc6 39.
h4 a5 40. a3 a4 41. Kc4 h6 42. Kb4 g5 43. h5 f4 {
Notation nicht weiter nachvollziehbar.} 1/2-1/2